| 000 | 00342nam a22001337a 4500 | ||
|---|---|---|---|
| 020 | _a0-85935-066-5 | ||
| 082 | _a378 WOR'U | ||
| 100 |
_aUNESCO _975320 |
||
| 245 | _aWORLD GUIDE TO HIGHER EDUCATION A COMPARATIVE SARVEY OF SYSTEM DEGRESS AND QUALIFICATION | ||
| 250 | _a2ND | ||
| 260 |
_aUSA _bBOWKER _c1982 |
||
| 300 | _a369P | ||
| 942 | _cBK | ||
| 999 |
_c580760 _d580760 |
||